000 00972cam a2200289 a 4500
001 2652
005 20241119100817.0
020 _a9780439764193
040 _aDLC
_cDLC
_dDLC
_beng
050 0 0 _aPZ7.K9225
082 0 0 _a394.261
100 1 _aKroll, Steven
245 1 4 _aThe biggest valentine ever /
_cby Steven Kroll ; illustrated by Jeni Bassett
250 _aFirst printing, January 2006
260 _aNew York :
_bScholastic,
_c2006
300 _a30 unnumbered pages :
_bcolor illustration ;
_c21 cm .
505 _aK
520 _aWhen Desmond and Clayton, two mice, finally learn to cooperate, they create a wonderful valentine for their teacher.
521 _a510
_bLexile
521 _aK
_bRaz-Plus
650 1 _aInterpersonal relations
_vFiction.
650 1 _aValentine's Day
_vFiction.
650 1 _aMice
_vFiction.
700 1 _aBassett, Jeni
_eillustrator
906 _a7
_bcbc
_corignew
_d1
_eecip
_f20
_gy-gencatlg
942 _2ddc
_cBK
_n0
999 _c2652
_d2652